Top 10 Largest Cities in the USA by Land Area - Statistics

General Stats
  • This quiz has been taken 36 times
  • The average score is 7 of 10
Answer Stats
Hint Answer % Correct
TX Dallas
100%
TX Houston
100%
AZ Phoenix
100%
OK Oklahoma City
97%
TX San Antonio
97%
TN Memphis
80%
CA San Diego
77%
CA Los Angeles
60%
TX Fort Worth
27%
AZ Buckeye
3%
No matching quizzes found
Score Distribution
Percent of People with Each Score
Percentile by Number Answered
Your Score History
You have not taken this quiz